Shiny Happy People - R.E.M. (All lyrics) - Statistics

General Stats
  • This quiz has been taken 33 times
  • The average score is 80 of 108
Answer Stats
Hint Answer % Correct
Happy
100%
People
100%
Chorus | Outro | Refrain Shiny
100%
The
96%
Me
88%
Holding
81%
In
81%
Love
81%
And
77%
Go
77%
Hands
77%
Handsx8
77%
To
77%
Where
77%
Your
73%
It
69%
Shine
69%
Around
65%
Verse 1 Meet
65%
Take
62%
Gold
54%
Laughing
54%
Silver
54%
Ground
50%
Put
50%
Crowd
46%
Flowers
46%
Grow
46%
Them
46%
Tomorrow
46%
We
42%
Verse 2 Everyone
38%
Here
38%
Into
38%
No
38%
Shines
38%
There's
38%
Throw
35%
Town
35%
Cry
31%
Time
31%
Heart
23%
Bridge Hey
8%
No matching quizzes found
Score Distribution
Percent of People with Each Score
Percentile by Number Answered
Your Score History
You have not taken this quiz